Manual de la producción (Registro nro. 36475)

Detalles MARC
000 -LEADER
fixed length control field 01603 a2200241 4500
001 - CONTROL NUMBER
control field 63997
005 - DATE AND TIME OF LATEST TRANSACTION
control field 20260521160828.0
008 - FIXED-LENGTH DATA ELEMENTS--GENERAL INFORMATION
fixed length control field 260521a1953 arg spa d
003 - CONTROL NUMBER IDENTIFIER
control field AR-UNSa-BCEJYS
040 ## - CATALOGING SOURCE
Original cataloging agency AR-UNSa-BCEJYS
Language of cataloging spa
Transcribing agency AR-UNSa-BCEJYS
080 ## - UNIVERSAL DECIMAL CLASSIFICATION NUMBER
Universal Decimal Classification number 658.5
Common auxiliary subdivision Planificación y control de la producción<br/>
041 ## - LANGUAGE CODE
Language code of text/sound track or separate title spa
100 1# - MAIN ENTRY--PERSONAL NAME
Personal name Alford, L.P.
245 10 - TITLE STATEMENT
Title Manual de la producción
264 #1 - PRODUCTION, PUBLICATION, DISTRIBUTION, MANUFACTURE, AND COPYRIGHT NOTICE
Place of production, publication, distribution, manufacture México :
Name of producer, publisher, distributor, manufacturer Unión Tipográfica Editorial Hispano-Americana (UTEHA)
Date of production, publication, distribution, manufacture, or copyright notice 1953
300 ## - PHYSICAL DESCRIPTION
Extent lxii, 1871 p.
Dimensions 18 cm.
505 ## - FORMATTED CONTENTS NOTE
Formatted contents note 1. Organización de fábricas – 2. Planeamiento y control de la producción – 3. Sistemas para el control de la producción – 4. Compras – 5. Control y estandarización de los materiales – 6. Almacenamiento – 7. Estudio de los tiempos y análisis de las operaciones – 8. Estudio de movimientos. Simplificación del trabajo – 9. Inspección – 10. Control de calidad – 11. Disposición de las fabricas – 12. Maquinaria – 13. Herramientas, plantillas y dispositivos – 14. Manipulación de materiales – 15. Presupuestos de trabajo – 16. Valuación de las tareas – 17. Calificación por mérito – 18. Sistemas de salarios – 19. Conservación de las fabricas – 20. Calificación y símbolos – 21. Principios de dirección – 22. Medidas de resultados o ejecuciones – 23. Costos de fabricación – 24. Presupuestos de fábrica – 25. Personal de fábrica –
590 ## - LOCAL NOTE (RLIN)
Local note niveau_biblio:m niveau_hierar:0
700 1# - ADDED ENTRY--PERSONAL NAME
Personal name Bangs, John R.
700 1# - ADDED ENTRY--PERSONAL NAME
Personal name Ortiz R., Teodoro
700 1# - ADDED ENTRY--PERSONAL NAME
Personal name Hagemann, George E.
942 ## - ADDED ENTRY ELEMENTS (KOHA)
Koha item type
Existencias
Withdrawn status Lost status Damaged status Not for loan Home library Current library Shelving location Date acquired Total checkouts Full call number Barcode Date last seen Price effective from Koha item type
        Biblioteca Prof. Eusebio Cleto del Rey Biblioteca Prof. Eusebio Cleto del Rey   21/05/2026   658.5 A388 L22326 21/05/2026 21/05/2026 Libro
        Biblioteca Prof. Eusebio Cleto del Rey Biblioteca Prof. Eusebio Cleto del Rey   21/05/2026   658.5 A388 L22327 21/05/2026 21/05/2026 Libro